Business cycle theories

Od menovej teórie k teórii podnikateľského cyklu. Názory F.A. Hayeka na hospodársky cyklus.

Gespeichert in:
Bibliographische Detailangaben
1. Verfasser: Lisý, Ján
Weitere Verfasser: Novák, Marcel, 1979-, Skalák, Pavol
Format: Buchkapitel
Sprache:Englisch
Schlagworte:
Tags: Tag hinzufügen
Keine Tags, Fügen Sie das erste Tag hinzu!

MARC

LEADER 00000naa$a2200000$$$4500
001 0227133
005 20240502083610.0
041 0 |a eng 
044 |a PL 
245 1 0 |a Business cycle theories  |c Ján Lisý, Marcel Novák, Pavol Skalák 
520 |a Od menovej teórie k teórii podnikateľského cyklu. Názory F.A. Hayeka na hospodársky cyklus. 
610 2 0 |a cykly hospodárske 
610 2 0 |a teória peňažná 
610 2 0 |a cykly podnikateľské 
610 2 0 |a kríza finančná 
610 2 0 |a mena 
610 2 0 |a teórie ekonomické 
100 1 |a Lisý, Ján 
700 1 |a Novák, Marcel, 1979- 
700 1 |a Skalák, Pavol